000 00896nam a2200277 a 4500
001 29912
003 BD-RjUL
005 20211209051500.0
008 140408r19661950enk b 001 0 eng d
035 _a(BD-RjUL)29997
040 _aVCAV
_beng
_cVCAV
_dVU
_dVJTL
_dBD-RjUL
041 _aeng
082 1 4 _a170
_219
_bTOE 1964
100 1 _aToulmin, Stephen Edelston.
_991001
245 1 3 _aAn examination of the place of reason in ethics /
_cby Stephen Edelston Toulmin.
246 1 4 _aReason in ethics
246 3 _aPlace of reason in ethics
250 _aFirst pbk. ed.
260 _aCambridge :
_bCambridge University Press,
_c1960. [Reprinted 1964]
300 _axiv, 228 p. ;
_c22 cm.
500 _aReprint of the ed. originally published 1950.
504 _aIncludes bibliographical references and index.
650 0 _aEthics.
_991002
650 0 _aReasoning.
_991003
942 _2ddc
_cBK
999 _c29912
_d29912